LEADER 01496nam0 2200385 450 001 000036979 005 20141024131817.0 100 $a20140624d1963----km-y0itaa50------ba 101 0 $aeng 102 $aUS 200 1 $a<> Josh White song book$fmusic edited by Walter Raim$gbiography and song commentaries by Robert Shelton$gillustrations by Stu Gross 210 $aChicago$cQuadrangle Books$d[1963] 215 $a1 partitura (191 p.)$cill.$d31 cm. 300 $aContiene spartiti e i testi dei canti 606 1 $aCanti popolari$yAmerica 606 2 $aBallate$yAmerica 606 2 $aCanti sacri$yAmerica 676 $a782.42162$v(22. ed.)$9Forme vocali profane. Canzoni popolari 676 $a782.43$v(22. ed.)$9Musica vocale. Forme derivate dalla poesia madrigali 676 $a782.22$v(22. ed.)$9Musica vocale. Forme vocali sacre 700 1$aRaim,$bWalter$0446985 702 1$aShelton,$bRobert 702 1$aGross,$bStu 801 0$aIT$bUniversità della Basilicata - B.I.A.$gREICAT$2unimarc 912 $a000036979 996 $aJosh White song book$9102975 997 $aUNIBAS BAS $aLETTERE CAT $aSTD100$b01$c20140624$lBAS01$h0955 CAT $aTTM$b30$c20140922$lBAS01$h1045 CAT $aTTM$b30$c20141024$lBAS01$h1318 CAT $aBATCH$b00$c20180801$lBAS01$h1239 FMT Z30 -1$lBAS01$LBAS01$mBOOK$1BASA1$APolo Storico-Umanistico$2FROS$BFondo Rostirolla$3FRost/2691$62691$5D2691$820140624$f98$FConsultazione all $aall $n0009203 LEADER 04337nam0 22005413i 450 001 IEI0274072 005 20251003044201.0 010 $a9788854300323 100 $a20080104d2006 ||||0itac50 ba 101 | $aita 102 $ait 181 1$6z01$ai $bxxxe 182 1$6z01$an 200 1 $aˆIl ‰ruolo delle citta nella governance multilivello delle politiche occupazionali$euna ricognizione su alcune citta del Mezzogiorno$fISFOL 210 $aRoma$cISFOL$d2006 215 $a168 p.$d24 cm 225 | $aTemi & strumenti$v31 300 $aIn testa al front.: Unione europea, Fondo sociale europeo; Ministero del lavoro e della previdenza sociale, Direzione generale per le politiche per l'orientamento e la formazione; Ministero dello sviluppo economico, Dipartimento per le politiche di sviluppo e di coesione; PON ATAS 2000-2006. 410 0$1001UBO2410213$12001 $aTemi & strumenti$v31 710 02$aIsfol$3CFIV001429$4070$0423065 712 01$aItalia$b : Ufficio centrale OFPL$3CFIV131685 712 02$aFondo sociale europeo$3ISTV000987 712 01$aItalia$b : Ministero dello sviluppo economico$b : Dipartimento per le politiche di sviluppo e di coesione$3UANV109265 791 02$aIstituto per lo sviluppo della formazione professionale dei lavoratori$3FOGV014311$zIsfol 791 02$aIstituto per lo sviluppo della formazione professionale dei lavoratori$3FOGV014311$zIsfol 791 02$aMinistero del lavoro e delle politiche sociali$b : Ufficio centrale O.F.P.L.$3CFIV196591$zItalia : Ufficio centrale OFPL 791 02$aItalia$b : Ministero del lavoro e delle politiche sociali$b : Ufficio centrale dell'orientamento e formazione professionale del lavoratori$3CFIV196592$zItalia : Ufficio centrale OFPL 791 02$aItalia$b : Ministero del lavoro e delle politiche sociali$b : Dipartimento per le politiche del lavoro e dell'occupazione e tutela dei lavoratori$b : Ufficio centr$3CFIV208876$zItalia : Ufficio centrale OFPL 791 02$aMinistero del lavoro e delle politiche sociali$b : Ufficio centrale per l'orientamento e la formazione professionale dei lavoratori$3CFIV211935$zItalia : Ufficio centrale OFPL 791 02$aItalia$b : Ministero del lavoro e delle politiche sociali$b : Ufficio centrale per l'orientamento e la formazione professionale dei lavoratori$3CFIV212615$zItalia : Ufficio centrale OFPL 791 02$aMinistero del lavoro e della previdenza sociale$b : Ufficio centrale orientamento formazione professionale lavoratori$3CFIV212883$zItalia : Ufficio centrale OFPL 791 02$aMinistero del lavoro e della previdenza sociale$b : Ufficio centrale O.F.P.L.$3CFIV212884$zItalia : Ufficio centrale OFPL 791 02$aMinistero del lavoro e delle politiche sociali$b : Dipartimento per le politiche del lavoro e dell'occupazione e tutela dei lavoratori$b : Ufficio centrale$3CFIV214908$zItalia : Ufficio centrale OFPL 791 02$aItalia$b : Ufficio centrale dell'orientamento e formazione professionale dei lavoratori$3CFIV220493$zItalia : Ufficio centrale OFPL 791 02$aItalia$b : Ministero del lavoro e della previdenza sociale$b : Ufficio centrale dell'orientamento e formazione professionale dei lavoratori$3CFIV220586$zItalia : Ufficio centrale OFPL 791 02$aItalia$b : Ufficio centrale per l'orientamento e la formazione professionale dei lavoratori$3CFIV225223$zItalia : Ufficio centrale OFPL 791 02$aFSE$3CFIV198476$zFondo sociale europeo 791 02$aUnione europea$b : Fondo sociale europeo$3CFIV199967$zFondo sociale europeo 801 3$aIT$bIT-000000$c20080104 850 $aIT-BN0095 $aIT-NA0457 $aIT-BN0015 901 $bNAP PB$cGENERALE $nDizionari, Enciclopedie, Atlanti 901 $bNAP BI$cSALA 5 $nLibri da 4151 in poi 901 $bNAP 01$cPOZZO LIB.$nVi sono collocati fondi di economia, periodici di ingegneria e scienze, periodici di economia e statistica e altri fondi comprendenti documenti di economia pervenuti in dono. 912 $aIEI0274072 950 0$aBiblioteca Centralizzata di Ateneo$c1 v.$d 01POZZO LIB.F. CORTI 551$e 01 0000129205E VMA 1 v.$fB $h20230928$i20231002 977 $a 01$a BI$a PB 996 $aRuolo delle citta nella governance multilivello delle politiche occupazionali$93562392 997 $aUNISANNIO